Statistics for Countries Most Similar To Morocco

Click here to take the quiz!

General Stats

  • This quiz has been taken 153 times
  • The average score is 13 of 20

Answer Stats

RankCountryScore% Correct
2Algeria80.6
95%
3Egypt77.6
92%
1Tunisia80.9
92%
6Libya72.5
86%
8Mauritania71.5
77%
12Saudi Arabia68.2
77%
5Syria74.8
75%
4Jordan75.8
72%
7Iraq72.0
71%
17Oman66.7
71%
9Lebanon70.5
70%
16Yemen66.9
69%
10Sudan68.4
65%
10Turkey68.4
62%
20Mali65.1
59%
14Iran67.7
58%
18Senegal66.4
55%
13Palestine67.9
41%
15Djibouti67.6
21%
19Uzbekistan65.8
15%

Score Distribution

Percentile by Number Answered

Percent of People with Each Score

Your Score History

You have not taken this quiz